[Event "15th Donau Open"]
[Site "Aschach an der Donau AUT"]
[Date "2006.12.30"]
[Round "6"]
[White "Dovzik,J"]
[Black "Knechtel,R"]
[Result "1-0"]
[WhiteElo "2422"]
[BlackElo "2299"]

1.d4 d5 2.c4 c6 3.Nf3 Nf6 4.Qc2 g6 5.e3 Bf5 6.Qb3 Qb6 7.Nc3 Nbd7 8.Be2 Bg7
9.O-O O-O 10.h3 h6 11.Bd2 Rfe8 12.Qxb6 Nxb6 13.c5 Nbd7 14.g4 Be4 15.Ne5 g5
16.f4 Bh7 17.Nf3 Ne4 18.Be1 e6 19.Ne5 Nxe5 20.fxe5 Rf8 21.Bd3 f6 22.Bxe4 Bxe4
23.Nxe4 dxe4 24.exf6 Rxf6 25.Rxf6 Bxf6 26.Bg3 Rf8 27.Rf1 Bd8 28.Be5 Rf7 29.Rf2 Ba5
30.Kf1 Rxf2+ 31.Kxf2 Bd2 32.Ke2 Bc1 33.d5 cxd5 34.a4 Kf7 35.Bd4 a6 36.b4 Ba3
37.b5 axb5 38.a5 Ke7 39.c6 Kd6 40.cxb7 Kc7 41.a6  1-0

[Event "Masters"]
[Site "Singapore SIN"]
[Date "2006.12.30"]
[Round "9"]
[White "Mohan,R"]
[Black "Tin Lay Shwe"]
[Result "1/2-1/2"]
[WhiteElo "2016"]
[BlackElo "2272"]

1.d4 d5 2.Nf3 Nf6 3.c4 c6 4.Qc2 g6 5.g3 Bg7 6.Bg2 Bf5 7.Qb3 Qb6 8.Qxb6 axb6
9.Na3 Na6 10.O-O O-O 11.Bf4 dxc4 12.Nxc4 Nd5 13.Bd2 Nab4 14.Bxb4 Nxb4 15.a3 Nd5
16.Ncd2 Nf6 17.Rac1 Ne4 18.Nc4 b5 19.Ne3 Be6 20.Rfd1 Rfd8 21.Ne1 Nf6 22.N3c2 Rd7
23.Nd3 Bc4 24.Ne5 Rc7 25.Nxc4 bxc4 26.Nb4 Nd5 27.Rxc4 Nxb4 28.Rxb4  1/2-1/2

[Event "Weihnachtsopen Masters"]
[Site "Zurich SUI"]
[Date "2006.12.30"]
[Round "7"]
[White "Carron,J"]
[Black "Monteforte,K"]
[Result "1-0"]
[WhiteElo "2385"]
[BlackElo "2170"]

1.d4 d5 2.Nf3 c6 3.c4 Nf6 4.Qc2 Bg4 5.Ne5 Bh5 6.cxd5 Nxd5 7.Qb3 Qb6 8.Qh3 Nf6
9.e3 Na6 10.g4 Nb4 11.Na3 Qa5 12.Bd2 Bg6 13.g5 Qd5 14.gxf6  1-0

[Event "15th Donau Open"]
[Site "Aschach an der Donau AUT"]
[Date "2006.12.31"]
[Round "7"]
[White "Pachta,P"]
[Black "Dovzik,J"]
[Result "1/2-1/2"]
[WhiteElo "2237"]
[BlackElo "2422"]

1.d4 d5 2.Nf3 Nf6 3.c4 c6 4.Qc2 g6 5.Bf4 Bg7 6.e3 O-O 7.Nc3 a6 8.Bd3 Bg4
9.Ne5 Be6 10.Qb3 Ra7 11.O-O  1/2-1/2

[Event "Hilton Open"]
[Site "Basel SUI"]
[Date "2007.01.01"]
[Round "1"]
[White "Balg,M"]
[Black "Varga,Zo"]
[Result "0-1"]
[WhiteElo "2125"]
[BlackElo "2497"]

1.d4 d5 2.Nf3 c6 3.c4 dxc4 4.g3 b5 5.Bg2 Bb7 6.O-O Nd7 7.Qc2 e6 8.Nc3 Ngf6
9.Bg5 h6 10.Bf4 Nd5 11.Bd2 Be7 12.a3 a5 13.e4 N5b6 14.Rfd1 b4 15.Ne2 O-O
16.Nf4 Ba6 17.axb4 axb4 18.Qc1 Re8 19.Re1 Bf8 20.Be3 Bb5 21.Rxa8 Qxa8 22.Nh5 Qd8
23.Ne5 Nxe5 24.dxe5 Nd7 25.Rd1 c3 26.bxc3 Be2 27.Nf6+ gxf6 28.Rd2 Bh5 29.exf6 Qc7
30.g4 Bg6 31.Rxd7 Qxd7 32.Bxh6 bxc3 33.Qg5 Qd1+ 34.Bf1 c2  0-1

[Event "13th Festival A"]
[Site "Zupanja CRO"]
[Date "2007.01.03"]
[Round "1"]
[White "Saric,A"]
[Black "Sertic,Ru"]
[Result "1-0"]
[WhiteElo "2501"]
[BlackElo "2346"]

1.d4 d5 2.Nf3 Nf6 3.c4 c6 4.Qc2 e6 5.g3 Ne4 6.Bg2 Bd6 7.O-O Nd7 8.Nfd2 f5
9.Nxe4 dxe4 10.f3 exf3 11.exf3 Qf6 12.Qf2 e5 13.dxe5 Bxe5 14.Kh1 O-O 15.f4 Bd4
16.Qc2 Nb6 17.Nd2 Be6 18.Rb1 Bf7 19.b3 Bh5 20.Nf3 Bxf3 21.Bxf3 Rad8 22.Bd2 Nd7
23.Rfe1 Qh6 24.Kg2 Nc5 25.Bb4 Qf6 26.Re2 g5 27.fxg5 Qxg5 28.Rd1 f4 29.Red2 fxg3
30.Rxd4 Rxd4 31.Rxd4 Rxf3 32.Kxf3  1-0

[Event "Hilton Open"]
[Site "Basel SUI"]
[Date "2007.01.05"]
[Round "5"]
[White "Nabavi,P"]
[Black "Haenggi,Mark"]
[Result "1-0"]
[WhiteElo "2201"]
[BlackElo "2068"]

1.d4 d5 2.c4 c6 3.Nf3 dxc4 4.e3 b5 5.a4 e6 6.axb5 cxb5 7.b3 Bb4+ 8.Bd2 Bxd2+
9.Nbxd2 a5 10.bxc4 b4 11.Ne5 Nf6 12.Qa4+ Bd7 13.Nxd7 Qxd7 14.Be2 O-O 15.O-O Qc7
16.f4 Nbd7 17.Ra2 Rfb8 18.Qb3 Ra7 19.Rfa1 h6 20.Bf3 Qb6 21.c5 Qb5 22.Nc4 Nd5
23.Rxa5 Rxa5 24.Rxa5 Qc6 25.Ne5 Nxe5 26.fxe5 Qc7 27.Ra6 Qd8 28.h3 Qh4 29.Ra1 Qg5
30.Bxd5 exd5 31.c6 Rc8 32.Rc1 Qg3 33.c7 h5 34.Kh1 h4 35.Qxd5 Rxc7 36.Qd8+ Kh7
37.Qxc7 Qxe3 38.Qc2+ g6 39.Qb2 b3 40.Rb1  1-0

[Event "Hilton Open"]
[Site "Basel SUI"]
[Date "2007.01.05"]
[Round "5"]
[White "Nemet,I"]
[Black "Varga,Zo"]
[Result "1-0"]
[WhiteElo "2367"]
[BlackElo "2497"]

1.d4 d5 2.Nf3 c6 3.c4 dxc4 4.e3 Be6 5.a4 Nf6 6.Na3 c5 7.Bxc4 Bxc4 8.Nxc4 cxd4
9.exd4 e6 10.O-O Be7 11.Qb3 Qd5 12.Bf4 Nbd7 13.Be5 O-O 14.Nfd2 Rfc8 15.Rac1 Ne8
16.Qe3 Bb4 17.b3 a6 18.Qe2 b5 19.Ne3 Qb7 20.Nf3 bxa4 21.bxa4 Nb6 22.Qa2 a5
23.Rcd1 Rd8 24.h4 Qc6 25.Ra1 Rac8 26.Rfd1 f6 27.Bg3 Qd7 28.h5 h6 29.Nh4 Rc3
30.Qe2 Nd5 31.Nxd5 Qxd5 32.Ng6 Kf7 33.Nh8+ Kg8 34.Ng6 Qf5 35.Rac1 Rdc8 36.Rxc3 Rxc3
37.d5 Kh7 38.d6 Rc2 39.d7 Rxe2 40.dxe8=Q  1-0

[Event "Hilton Open"]
[Site "Basel SUI"]
[Date "2007.01.06"]
[Round "6"]
[White "Kelecevic,N"]
[Black "Aerni,A"]
[Result "1-0"]
[WhiteElo "2363"]
[BlackElo "2024"]

1.d4 d5 2.Nf3 Nf6 3.c4 c6 4.Qc2 g6 5.Bf4 Bg7 6.e3 O-O 7.Nc3 a6 8.c5 Nbd7
9.h3 Re8 10.Bh2 Nf8 11.Be2 N6d7 12.O-O e5 13.Na4 exd4 14.exd4 Ne6 15.Rad1 Qf6
16.Rd3 Nf4 17.Re3 Re6 18.Bd1 Bh6 19.Rfe1 Nh5 20.Rxe6 fxe6 21.Ne5 Nf4 22.Ng4 Qf8
23.Nxh6+ Qxh6 24.Bg4 Nf8 25.Nb6 Rb8 26.Qc3 g5 27.g3 Nxh3+ 28.Bxh3 Qxh3 29.g4 Qxg4+
30.Qg3  1-0

[Event "TCh-AUT 2006-7"]
[Site "Leoben AUT"]
[Date "2007.01.18"]
[Round "4"]
[White "Lehner,O"]
[Black "Kreisl,R"]
[Result "1/2-1/2"]
[WhiteElo "2415"]
[BlackElo "2289"]

1.Nf3 Nf6 2.c4 c6 3.d4 d5 4.Qb3 dxc4 5.Qxc4 Bf5 6.g3 e6 7.Bg2 Be7 8.O-O O-O
9.Qb3 Qb6 10.Nbd2 Nbd7 11.Nc4 Qa6 12.Bg5 h6 13.Bxf6 Nxf6 14.Nfd2 Rfd8 15.e3 Rac8
16.a4 Rc7 17.Rfc1 c5 18.Ne5 Qb6 19.a5 Qxb3 20.Nxb3 Rdc8 21.dxc5 Bxc5 22.Nc6 Be4
23.Rxc5 Rxc6 24.Rac1 Rxc5  1/2-1/2

[Event "GM"]
[Site "Geneve SUI"]
[Date "2007.01.20"]
[Round "1"]
[White "Khenkin,I"]
[Black "Vernay,C"]
[Result "1-0"]
[WhiteElo "2611"]
[BlackElo "2341"]

1.d4 d5 2.c4 c6 3.Nf3 Nf6 4.Qb3 e6 5.Bg5 Nbd7 6.Nc3 h6 7.Bh4 Bd6 8.e3 O-O
9.Bd3 dxc4 10.Bxc4 Qa5 11.Bxe6 Nc5 12.Bxf7+ Rxf7 13.dxc5 Qxc5 14.Bxf6 gxf6
15.O-O-O a5 16.Rd4 b5 17.Rhd1 Bf8 18.Nd2 a4 19.Qc2 f5 20.Rd8 Bb7 21.Rxa8 Bxa8
22.a3 Qb6 23.Nf3 c5 24.Ne5 b4 25.Nxa4 Qe6 26.Nxf7 bxa3 27.Nd8 Qa6 28.Qxf5 axb2+
29.Nxb2  1-0

[Event "Open"]
[Site "Geneve SUI"]
[Date "2007.01.21"]
[Round "2"]
[White "Daverio,E"]
[Black "Starostits,I"]
[Result "0-1"]
[WhiteElo "2047"]
[BlackElo "2472"]

1.d4 d5 2.c4 dxc4 3.Nf3 c6 4.Nc3 Nf6 5.e4 b5 6.e5 Nd5 7.a4 Bf5 8.Be2 e6 9.O-O Be7
10.axb5 Nxc3 11.bxc3 cxb5 12.Nd2 a6 13.f4 Nc6 14.g4 Bd3 15.Bxd3 cxd3 16.Qf3 Qd5
17.Qxd3 O-O 18.Ne4 b4 19.Bb2 bxc3 20.Bxc3 Rfd8 21.Rad1 Rab8 22.g5 Rb3 23.Nf6+ gxf6
24.gxf6 Bf8 25.Rf3 Nxd4 26.Rg3+ Kh8 27.Rd2 Ne2+  0-1

[Event "Corus B"]
[Site "Wijk aan Zee NED"]
[Date "2007.01.21"]
[Round "8"]
[White "Eljanov,P"]
[Black "Stellwagen,D"]
[Result "1/2-1/2"]
[WhiteElo "2675"]
[BlackElo "2585"]

1.d4 d5 2.c4 c6 3.Nf3 Nf6 4.Qb3 e6 5.Bg5 h6 6.Bh4 dxc4 7.Qxc4 b5 8.Qc2 Bb7
9.e3 Nbd7 10.Be2 Qb6 11.Nc3 a6 12.a4 Bb4 13.O-O O-O 14.Qb3 Be7 15.Rfd1 b4
16.a5 Qd8 17.Ne5 bxc3 18.Qxb7 Rb8 19.Qxa6 cxb2 20.Rab1 Nxe5 21.Bxf6 gxf6
22.dxe5 Qc7 23.Qc4  1/2-1/2

[Event "Corus B"]
[Site "Wijk aan Zee NED"]
[Date "2007.01.24"]
[Round "10"]
[White "Eljanov,P"]
[Black "Smeets,J"]
[Result "1-0"]
[WhiteElo "2675"]
[BlackElo "2538"]

1.d4 d5 2.c4 c6 3.Nf3 Nf6 4.Qb3 e6 5.Bg5 Nbd7 6.Nc3 Be7 7.e3 h6 8.Bh4 O-O
9.Bd3 dxc4 10.Qxc4 c5 11.Bc2 cxd4 12.Nxd4 Ne5 13.Qb5 Nfd7 14.Bg3 a6 15.Qe2 Bb4
16.O-O Qe7 17.Ne4 Rd8 18.Qh5 Nc4 19.Bb3 Nd6 20.Bh4 g5 21.Nxd6 Bxd6 22.Qxh6 gxh4
23.Nxe6 Be5 24.Nxd8 Bg7 25.Bxf7+ Kf8 26.Ne6+ Kxf7 27.Nxg7 Qf6 28.Qxf6+ Nxf6
29.Rfd1 Kxg7 30.Rd8 b5 31.Rc1 Bb7 32.Rc7+ Kg6 33.Rxa8 Bxa8 34.Ra7  1-0

[Event "GM"]
[Site "Geneve SUI"]
[Date "2007.01.25"]
[Round "6"]
[White "Khenkin,I"]
[Black "Kurmann,O"]
[Result "1-0"]
[WhiteElo "2611"]
[BlackElo "2435"]

1.d4 d5 2.c4 c6 3.Nf3 Nf6 4.Qb3 dxc4 5.Qxc4 Bg4 6.Nc3 Nbd7 7.e4 Bxf3 8.gxf3 e5
9.dxe5 Nxe5 10.Qe2 b5 11.f4 Nc4 12.Qf3 Nb6 13.Bg2 Be7 14.O-O O-O 15.e5 Nfd5
16.f5 Re8 17.f6 Bf8 18.Qg3 Kh8 19.Ne4 gxf6 20.exf6 Nxf6 21.Ng5 Re7 22.Bxc6 Rc8
23.Bxb5 h6 24.Nh3 Bg7 25.Qf3 Qd5 26.Qxd5 Nfxd5 27.Rd1 Re4 28.a4 Rh4 29.a5 Rxh3
30.axb6 Nxb6 31.Rxa7 Rg8 32.Bf4 Rb3 33.Be2 Rxb2 34.Kf1 Rf8 35.Be3 Kg8 36.Ra6 Nc8
37.Rd7 Rb4 38.Bc5 Rb1+ 39.Kg2 Re1 40.Bxf8 Rxe2 41.Bc5 Re8 42.Rc6  1-0

[Event "Corus B"]
[Site "Wijk aan Zee NED"]
[Date "2007.01.27"]
[Round "12"]
[White "Georgiev,Vl"]
[Black "Smeets,J"]
[Result "1-0"]
[WhiteElo "2525"]
[BlackElo "2538"]

1.d4 d5 2.c4 c6 3.Nf3 Nf6 4.Qc2 dxc4 5.Qxc4 Bf5 6.Nc3 Nbd7 7.g3 e6 8.Bg2 Be7
9.O-O O-O 10.Re1 Ne4 11.Qb3 Qb6 12.Nh4 Bxh4 13.gxh4 Nef6 14.e4 Bg6 15.Qxb6 axb6
16.Bf4 Rfe8 17.Rad1 e5 18.dxe5 Nxe5 19.f3 Bh5 20.Bxe5 Rxe5 21.a4 Re7 22.Rd4 Kf8
23.Ne2 Bg6 24.Red1 Nh5 25.Ng3 c5 26.Rd8+ Rxd8 27.Rxd8+ Re8 28.Rxe8+ Kxe8
29.Kf2 Nxg3 30.hxg3 f6 31.Ke3 Bf7 32.Bf1 Ke7 33.Bb5 Kd6 34.f4 Bb3 35.Kd3 h6
36.Kc3 Bd1 37.b3 Bf3 38.Kd3 Bd1 39.Bc4 b5 40.axb5 b6 41.Bf7 Bg4 42.Be8 g5
43.Bc6 gxf4 44.gxf4 Bh3 45.Ke2 Be6 46.Kd3 Bxb3 47.Kc3 Bf7 48.Kd3 Be6 49.Kc3 Bh3
50.Kd3 Bf1+ 51.Kc3 Kc7 52.Kb3 Bg2 53.Kc4 Bf1+ 54.Kd5 Bg2 55.f5 Bf3 56.Ke6 c4
57.e5 c3 58.exf6 c2 59.f7 c1=Q 60.f8=Q Qc4+ 61.Kf6 Bxc6 62.bxc6 b5 63.Kg7 b4
64.f6 b3 65.f7 Qd4+ 66.Kg8 b2 67.Qe7+ Kxc6 68.f8=Q  1-0

[Event "12th HIT Open A"]
[Site "Nova Gorica SLO"]
[Date "2007.01.28"]
[Round "4"]
[White "Tratar,M"]
[Black "Guid,M"]
[Result "1-0"]
[WhiteElo "2478"]
[BlackElo "2278"]

1.d4 d5 2.Nf3 c6 3.c4 dxc4 4.e3 b5 5.a4 e6 6.axb5 cxb5 7.b3 Bb4+ 8.Bd2 Bxd2+
9.Nbxd2 a5 10.bxc4 b4 11.Ne5 Nf6 12.Qa4+ Nfd7 13.Be2 O-O 14.Bf3 Ra7 15.Nd3 e5
16.d5 Qb6 17.Nxb4 Nc5 18.Qb5 Qd6 19.Rxa5 Rxa5 20.Qxa5 f5 21.Be2 g5 22.Nd3 Nbd7
23.O-O Nxd3 24.Bxd3 e4 25.Be2 g4 26.Rc1 Kh8 27.Qc3+ Rf6 28.Bxg4 Ne5 29.Be2 Kg7
30.Qd4  1-0

[Event "Zima Rating Tournament"]
[Site "St Petersburg RUS"]
[Date "2007.02.02"]
[Round "5"]
[White "Gaprindashvili,N2"]
[Black "Shlakich,A"]
[Result "1-0"]
[WhiteElo "2043"]
[BlackElo "2225"]

1.Nf3 Nf6 2.c4 c6 3.d4 d5 4.Qc2 a6 5.c5 Nbd7 6.Nc3 Qc7 7.e3 e5 8.Be2 Be7
9.O-O O-O 10.b4 Re8 11.Bb2 exd4 12.exd4 Nf8 13.Ne5 Ne6 14.Na4 Nd7 15.Bd3 g6
16.f4 Bf6 17.Qf2 Bg7 18.Nxd7 Bxd7 19.Nb6 Rad8 20.f5 Ng5 21.Bc1 Ne4 22.Bxe4 Rxe4
23.f6 Bf8 24.Bf4 Rxf4 25.Qxf4 Qxf4 26.Rxf4 Bh6 27.Rf3 Bg4 28.Rg3 Bf5 29.Rf1 Kf8
30.a4 Bd2 31.Rb3 Re8 32.Rxf5 gxf5 33.Nd7+ Kg8 34.Rg3+ Kh8 35.Ne5 Rf8 36.Rg7 Be3+
37.Kf1 Bxd4 38.Nxf7+ Rxf7 39.Rxf7 Kg8 40.Rg7+ Kf8 41.Rxb7 Bxf6 42.Rxh7 Bc3
43.Rb7 d4 44.Ke2 Ke8 45.h4 a5 46.b5 cxb5 47.axb5 a4 48.Ra7 Bb4 49.Kd3 Kd8
50.Kxd4 a3 51.Kc4 Be1 52.h5 Bh4 53.h6 Ke8 54.h7 Kd8  1-0

[Event "ch-St Petersburg sf"]
[Site "St Petersburg RUS"]
[Date "2007.02.12"]
[Round "3"]
[White "Savinov,L"]
[Black "Timofeev,An"]
[Result "1/2-1/2"]
[WhiteElo "2159"]
[BlackElo "2335"]

1.d4 d5 2.c4 c6 3.Nf3 Nf6 4.g3 dxc4 5.Bg2 Nbd7 6.Nc3 e6 7.O-O Nd5 8.e4 Nxc3
9.bxc3 Qa5 10.Bd2 Be7 11.a4 O-O 12.Qe2 Nb6 13.Rfb1 f6 14.e5 f5 15.Ne1 Rb8
16.Nc2 Bd7 17.Ne3 Rfd8 18.Nxc4 Qa6 19.Bf1 Nxa4 20.Qd1 b5 21.Nd6 Bxd6 22.exd6 Qc8
23.c4 a6 24.c5 e5 25.Rxa4 bxa4 26.Bc4+ Kh8 27.Rxb8 Qxb8 28.dxe5 Re8 29.e6 Rxe6
30.Bxe6 Bxe6 31.Bc3 Qb7 32.Qe1 Qd7 33.h4 Kg8 34.Kh2 a3 35.Qe5 a2 36.Qe2 a5
37.Qe5 a4 38.Ba1 h6 39.h5 Qf7 40.Kg1 Bd7 41.f3 Qf6 42.Qxf6 gxf6 43.Kf2 Kf7
44.Ke3 Ke6 45.Kd4 Be8 46.f4 Bxh5 47.Bc3 Bf3 48.Ba1 Bd5 49.Bc3 Kf7 50.Ba1 Be6
51.Kc3 Ke8 52.Kb4 Kd7 53.Kxa4 Bd5 54.Ka5 Be6 55.Kb6 Bd5 56.Bxf6 Bf7 57.Ba1 Bd5
58.Ka5 Bf7 59.Kb4 Ke6 60.Bb2 Kd7 61.Bg7 h5 62.Ba1 Be8 63.Kb3 Bf7+ 64.Kc3 Ke6
65.Kd4 Be8 66.Bb2 Bf7 67.d7 Kxd7 68.Ke5 Ke7 69.Kxf5 Bd5 70.Kg6 Bf3 71.Bf6+ Ke8
72.Bg7 Ke7 73.Bb2 Be2 74.f5 Bd3 75.Be5 Bc2  1/2-1/2

[Event "Interclubes Paulista"]
[Site "Sao Paulo BRA"]
[Date "2007.02.25"]
[Round "4"]
[White "Marques,V"]
[Black "Aranha Filho,A"]
[Result "1/2-1/2"]
[WhiteElo "2370"]
[BlackElo "2289"]

1.Nf3 Nf6 2.c4 c6 3.d4 d5 4.g3 Bg4 5.Bg2 Nbd7 6.Ne5 Be6 7.cxd5 Bxd5 8.Nf3 e6
9.O-O Be7 10.Nc3 Ne4 11.Nxd5 cxd5 12.Bf4 O-O 13.Qa4 Bd6 14.Bxd6 Nxd6 15.Rac1 b5
16.Qa6 Nb8 17.Qa3 Nc4 18.Qb4 Qb6 19.b3 Nc6 20.Qc5 Qxc5 21.dxc5 N4a5 22.Rfd1 Rfd8
23.e3 h6 24.Nd4 Nxd4 25.Rxd4 Nc6 26.Rd2 f5 27.f4 a6 28.Kf2 g5 29.h3 Rac8
30.Ke2 gxf4 31.gxf4 Kf7 32.Bf3 Rg8 33.Kf2  1/2-1/2

[Event "ch-TUR"]
[Site "Ankara TUR"]
[Date "2007.03.07"]
[Round "7"]
[White "Bayram,Y"]
[Black "Secer,A"]
[Result "1/2-1/2"]
[WhiteElo "2285"]
[BlackElo "2287"]

1.d4 d5 2.c4 c6 3.Nf3 Nf6 4.Qc2 dxc4 5.e4 b5 6.b3 cxb3 7.axb3 e6 8.Bd2 a5
9.Bd3 Bb7 10.O-O h6 11.Bc3 Nbd7 12.Nbd2 Be7 13.Ra2 O-O 14.Rfa1 a4 15.bxa4 bxa4
16.Rxa4 Rxa4 17.Rxa4 c5 18.d5 exd5 19.e5 Ne8 20.Bb5 Nc7 21.Ba5 Qc8 22.Bxc7 Qxc7
23.Qf5 Bc6 24.Bd3 g6 25.Rg4 Bg5 26.Rxg5 hxg5 27.Qxg5 Re8 28.Bxg6 Nxe5 29.Bd3+ Kf8
30.Qh6+ Ke7 31.Nxe5 Qxe5 32.Qxc6 c4 33.Qc5+ Kf6 34.Nxc4 dxc4 35.Qxc4 Rd8
36.g3 Qd4 37.Qc6+ Kg7 38.Be2 Rd6 39.Qf3 Rf6 40.Qg4+ Qxg4 41.Bxg4 Rb6 42.Kg2 Rb3
43.h3 Kf6 44.f4 Rb2+ 45.Kf3 Rb3+ 46.Kf2 Rb2+ 47.Be2 Rb3 48.Bf1 Kf5 49.Bc4 Rc3
50.Be2 Ke4 51.h4 Rb3 52.h5 f5 53.h6 Rb6 54.Bd1 Rb2+ 55.Be2 Rb6 56.Bf3+ Kd4
57.h7 Rh6 58.Bc6 Rxh7 59.Kf3 Rc7 60.Ba8 Rc2 61.Bb7 Rb2 62.Bc6 Rb6 63.Ba8 Kc5
64.Ke3 Re6+ 65.Kf3 Re7 66.Kf2 Kd6 67.Bg2 Ra7 68.Bh3 Ra2+ 69.Kf3 Ra3+ 70.Kf2 Ke6
71.Kg2 Ra2+ 72.Kf3 Rh2 73.Bf1 Rb2 74.Bh3 Rh2 75.Bf1 Rh1 76.Bc4+ Kf6 77.Ke3 Rc1
78.Bd5 Rc2 79.Bf3 Rc3+ 80.Kf2 Rc4 81.Bg2 Kg6 82.Bd5 Rc2+ 83.Ke3 Rc3+ 84.Kf2 Kh5
85.Bf3+ Kg6 86.Bd5 Kf6 87.Bg2 Rc2+ 88.Kf3 Rc3+ 89.Kf2 Rc2+  1/2-1/2

[Event "I Open"]
[Site "La Laguna ESP"]
[Date "2007.03.07"]
[Round "4"]
[White "Kurajica,B"]
[Black "Gaponenko,I"]
[Result "1-0"]
[WhiteElo "2549"]
[BlackElo "2450"]

1.d4 Nf6 2.Nf3 d5 3.c4 c6 4.Qc2 dxc4 5.Qxc4 Bg4 6.Nbd2 Nbd7 7.g3 e6 8.Bg2 Be7
9.O-O O-O 10.Qb3 Qb6 11.Nc4 Qa6 12.Re1 Rad8 13.e3 Bxf3 14.Bxf3 b5 15.Nd2 c5
16.a4 Rb8 17.Qa2 b4 18.Qc4 Qd6 19.a5 Rfc8 20.Nb3 cxd4 21.Qxd4 Qc7 22.Qd1 Ne5
23.Bg2 Rd8 24.Nd4 Bc5 25.Qe2 Bxd4 26.exd4 Ng6 27.Be3 Nd5 28.Bg5 Rd6 29.Rec1 Rc6
30.Bxd5 exd5 31.Rxc6 Qxc6 32.Rc1 Qb7 33.Rc5 h6 34.Bd2 Nf8 35.a6 Qd7 36.Qe5 Re8
37.Qxd5 Qa4 38.Kg2 Qxa6 39.Bxb4 Ne6  1-0

[Event "23rd Open"]
[Site "Cappelle la Grande FRA"]
[Date "2007.03.09"]
[Round "8"]
[White "Erdos,V"]
[Black "Golod,V"]
[Result "1/2-1/2"]
[WhiteElo "2518"]
[BlackElo "2597"]

1.d4 d5 2.c4 dxc4 3.Nf3 c6 4.Nc3 b5 5.a4 b4 6.Ne4 Nf6 7.Ng3 e6 8.e4 Ba6 9.Bg5 Qa5
10.Be2 Nbd7 11.O-O c3 12.bxc3 Bxe2 13.Qxe2 bxc3 14.Bxf6 Nxf6 15.Qc4 Rc8 16.Rfb1 Nd7
17.Ne2 Be7 18.Qxc3 Qa6 19.Nf4 O-O 20.Rc1 Bd6 21.e5 Be7 22.a5 Rfd8 23.h3 c5
24.d5 exd5 25.Nxd5 Bf8 26.Ne3 Nb8 27.Ra4 Nc6 28.Qc4 Qxc4 29.Nxc4 Nd4 30.Ra2 Rb8
31.Ng5 Nb3 32.Rc3 Rd1+ 33.Kh2 Nd4 34.Rd2 Rxd2  1/2-1/2

[Event "TCh-AUT 2006-7"]
[Site "Mattersburg AUT"]
[Date "2007.03.10"]
[Round "10"]
[White "Rotstein,A"]
[Black "Gustafsson,J"]
[Result "1/2-1/2"]
[WhiteElo "2545"]
[BlackElo "2584"]

1.d4 d5 2.c4 c6 3.Nf3 Nf6 4.Qb3 dxc4 5.Qxc4 Bf5 6.g3 e6 7.Bg2 Nbd7 8.O-O Be7
9.Nc3 O-O 10.Re1 Bg6 11.Qb3 Qb6 12.e4 h6 13.Bf4 Qxb3 14.axb3 Rfd8 15.d5 Bb4
16.dxc6 bxc6 17.Nd4 Rac8 18.Nc2 Bxc3 19.bxc3 Nc5 20.f3 Nd3 21.Red1 Nxf4 22.gxf4 Nh5
23.Kf2 Nxf4 24.Bf1 f5 25.Ke3 Rxd1 26.Rxd1 e5 27.Rd7 fxe4 28.fxe4 Nh5 29.Rxa7 Nf6
30.Bh3 Rb8 31.Nb4 Bxe4 32.Na6 Rd8 33.Nc5 Bc2 34.Rxg7+ Kxg7 35.Ne6+ Kg6 36.Nxd8 Nd5+
37.Kd2 Bxb3 38.Nxc6  1/2-1/2

[Event "56th ch-BUL w"]
[Site "Pernik BUL"]
[Date "2007.03.13"]
[Round "3"]
[White "Chilingirova,P"]
[Black "Genova,R"]
[Result "1-0"]
[WhiteElo "2184"]
[BlackElo "2243"]

1.d4 d5 2.c4 c6 3.Nf3 Nf6 4.Qc2 g6 5.Bf4 Bg7 6.e3 O-O 7.Nc3 Bf5 8.Qb3 Qb6
9.c5 Qxb3 10.axb3 Nbd7 11.h3 b6 12.Ba6 bxc5 13.Bb7 cxd4 14.exd4 Rae8 15.O-O c5
16.Rxa7 cxd4 17.Nxd4 Bd3 18.Rd1 e5 19.Rxd3 exd4 20.Nxd5 Re1+ 21.Kh2 Nc5 22.Nxf6+ Bxf6
23.Rf3 d3 24.Bd5 Be5 25.Bxe5 Rxe5 26.Bxf7+ Kh8 27.Ra1 Rd8 28.Rd1 d2 29.Re3 Rf5
30.Bc4 Rxf2 31.Rf3 Rxf3 32.gxf3 Kg7 33.Kg3 Kf6 34.Kf2 Ke5 35.Ke3  1-0

[Event "66th ch-GEO"]
[Site "Tbilisi GEO"]
[Date "2007.03.15"]
[Round "2"]
[White "Mchedlishvili,M"]
[Black "Gagunashvili,M"]
[Result "1/2-1/2"]
[WhiteElo "2583"]
[BlackElo "2611"]

1.d4 d5 2.c4 c6 3.Nf3 Nf6 4.Qb3 e6 5.Bg5 Be7 6.e3 O-O 7.Nc3 b6 8.Bd3 Ba6
9.O-O Nbd7 10.Rfd1 Qc8 11.Rac1 dxc4 12.Bxc4 Bxc4 13.Qxc4 c5 14.Ne4 Nxe4 15.Bxe7 Re8
16.Bh4 Qb7 17.dxc5 Ndxc5 18.Nd4 Nd6 19.Qe2 e5 20.Nb5 Nxb5 21.Qxb5 a6 22.Qb4 Rac8
23.h3 Rc6 24.Qc4 Rcc8  1/2-1/2

[Event "Agzamov Mem"]
[Site "Tashkent UZB"]
[Date "2007.03.16"]
[Round "1"]
[White "Safin,S"]
[Black "Khamrakulova,I"]
[Result "1-0"]
[WhiteElo "2459"]
[BlackElo "2193"]

1.d4 d5 2.c4 c6 3.Nf3 Nf6 4.Qc2 g6 5.Bf4 Bg7 6.e3 O-O 7.Nc3 Nbd7 8.cxd5 Nxd5
9.Nxd5 cxd5 10.Bc7 Qe8 11.Bb5 a6 12.Ba4 b5 13.Bb3 Bb7 14.Rc1 Rc8 15.Qd2 Nf6
16.O-O Qd7 17.Ne5 Qe6 18.Nd3 Ne4 19.Qa5 Qd7 20.Qb6 Ba8 21.Rc2 Ng5 22.Rfc1 Ne6
23.Bg3 Rxc2 24.Rxc2 Bb7 25.h3 Ra8 26.Nc5 Nxc5 27.Rxc5 Rc8 28.Bc7 Ba8 29.Qxa6 Bf8
30.Bb6 Rxc5 31.Bxc5 Bc6 32.Qb6 Qe8 33.Qc7 e6 34.Bxf8 Kxf8 35.h4 h5 36.a3 Qa8
37.Kf1 Kg8 38.Qb6 Qc8 39.Ke1 Be8 40.Kd2 Kg7 41.g3 Kg8 42.Bc2 Qc4 43.Qd8 Kh8
44.Qd6 Kg8 45.Qe7 Qc6 46.Bd3 Bd7 47.f3 Be8 48.g4 hxg4 49.fxg4 Kg7 50.h5 gxh5
51.gxh5 Kh6 52.Qf6+  1-0

[Event "Bundesliga 2006-7"]
[Site "Muelheim GER"]
[Date "2007.03.18"]
[Round "13"]
[White "Levin,F"]
[Black "Acs,P"]
[Result "1/2-1/2"]
[WhiteElo "2510"]
[BlackElo "2522"]

1.d4 d5 2.c4 c6 3.Nf3 Nf6 4.Qc2 dxc4 5.Qxc4 Bf5 6.g3 e6 7.Bg2 Nbd7 8.O-O Be7
9.Nc3 O-O 10.Re1 Ne4 11.Qb3 Qb6 12.Nh4 Bxh4 13.gxh4 Nef6 14.Qxb6 axb6 15.e4 Bg6
16.Bf4 Rfc8 17.a3 Rd8 18.b3  1/2-1/2

[Event "60th ch-RUS sf Urals"]
[Site "Nizhnij Tagil RUS"]
[Date "2007.03.19"]
[Round "6"]
[White "Figura,L"]
[Black "Demin,V1"]
[Result "0-1"]
[WhiteElo "2199"]
[BlackElo "2441"]

1.d4 d5 2.Nf3 Nf6 3.c4 c6 4.Qc2 dxc4 5.Qxc4 Bg4 6.Nc3 Nbd7 7.Ne5 Be6 8.Qb4 Nb6
9.e3 a5 10.Qa3 Nfd5 11.Nxd5 Bxd5 12.Bd2 f6 13.Nd3 Nc4 14.Qc3 Nxd2 15.Qxd2 e5
16.dxe5 fxe5 17.a3 Bd6 18.Qe2 e4 19.Nf4 Bxf4 20.exf4 O-O 21.Qe3 Qf6 22.Qd2 Qxf4
23.Qxf4 Rxf4 24.g3 Rf6 25.Bg2 Raf8 26.O-O Bc4 27.Rfe1 Rxf2 28.b4 axb4 29.axb4 Rb2
30.Rac1 Ba2 31.Ra1 Bc4 32.Rac1 Bf7 33.Bxe4 Rxb4 34.Rb1 Rxe4 35.Rxe4 Bg6  0-1

[Event "Open"]
[Site "Zagreb CRO"]
[Date "2007.03.20"]
[Round "4"]
[White "Devcic,D"]
[Black "Vrsek,I"]
[Result "1-0"]
[WhiteElo "2243"]
[BlackElo "2103"]

1.d4 d5 2.c4 c6 3.Nf3 Nf6 4.Qc2 dxc4 5.Qxc4 Bf5 6.g3 Nbd7 7.Bg2 e6 8.O-O Be7
9.Nc3 O-O 10.h3 Rc8 11.a4 Nd5 12.e4 N7b6 13.Qe2 Nxc3 14.bxc3 Bg6 15.Ne5 Nd7
16.Nxg6 hxg6 17.Be3 c5 18.Rfb1 b6 19.a5 Qc7 20.e5 Rfd8 21.axb6 axb6 22.Ra6 cxd4
23.cxd4 Qc2 24.Qb5 Qc4 25.Bf1 Qxb5 26.Bxb5 Rc7 27.Bxd7 Rcxd7 28.Raxb6 Kf8
29.Kg2 Ke8 30.Kf3 Rd5 31.h4 R8d7 32.Rc6 Bd8 33.Rb8 Ke7 34.Rcc8 f6 35.Ke4 Kf7
36.Ra8 Ke7  1-0

[Event "VIII Dos Hermanas Internet"]
[Site "ICC INT"]
[Date "2007.03.23"]
[Round "1.2"]
[White "Georgiev,Ki"]
[Black "Lenderman,A"]
[Result "1/2-1/2"]
[WhiteElo "2661"]
[BlackElo "2420"]

1.d4 d5 2.Nf3 Nf6 3.c4 c6 4.Qc2 g6 5.Bf4 Bf5 6.Qb3 Qb6 7.e3 Nbd7 8.Nbd2 Bg7
9.Be2 O-O 10.O-O Ne4 11.Rfc1 Nxd2 12.Nxd2 e5 13.dxe5 Nxe5 14.cxd5 cxd5 15.Qxb6 axb6
16.Nb3 Nc6 17.Bd6 Bxb2 18.Bxf8 Kxf8 19.Bf3 Nb4 20.Nd4 Bxc1 21.Rxc1 Rxa2 22.g4 Be4
23.Bxe4 dxe4 24.Rc8+ Kg7 25.Rc7 Nc6 26.Rxb7 Nxd4 27.exd4 Rd2 28.Rxb6 Rxd4
29.h3 Rd3 30.Kg2 Rd2 31.Kg3 f5 32.Rb7+ Kh6 33.gxf5 gxf5 34.Rb6+ Kg5 35.h4+ Kh5
36.Rf6 Rd3+ 37.Kg2 Rf3 38.Rf7 h6 39.Rf6 Rf4 40.Kg1 Rg4+ 41.Kf1 f4 42.Ke2 Rxh4
43.Re6 f3+ 44.Ke3 Kg5 45.Re5+ Kg6 46.Rxe4 Rh3 47.Rf4 h5 48.Rxf3 Rh1 49.Rg3+ Kf5
50.Kf3 h4 51.Rg8 Rh3+ 52.Kg2 Ra3 53.Rf8+ Kg5 54.Rg8+ Kh5 55.Rh8+ Kg5 56.Rg8+ Kh5
57.Rh8+ Kg5  1/2-1/2

[Event "ch-KAZ"]
[Site "Astana KAZ"]
[Date "2007.03.25"]
[Round "6"]
[White "Zhumabayev,R"]
[Black "Kozlov,R"]
[Result "1-0"]
[WhiteElo "2421"]
[BlackElo "2350"]

1.d4 d5 2.Nf3 c6 3.c4 Nf6 4.Qc2 e6 5.g3 dxc4 6.Qxc4 b5 7.Qc2 Bb7 8.Bg2 Nbd7
9.Nc3 Rc8 10.O-O b4 11.Ne4 c5 12.Nxf6+ Nxf6 13.Rd1 Qa5 14.Ne5 cxd4 15.Nc4 Qa6
16.Bxb7 Qxb7 17.Rxd4 Bc5 18.Rh4 h6 19.Bg5 Ke7 20.Bxf6+ gxf6 21.Rd1 Qc7 22.Qe4 Qc6
23.Qxc6 Rxc6 24.b3 Ra6 25.Rd2 e5 26.e3 Ke6 27.Kf1 f5 28.Rh5 f6 29.f4 Be7
30.Ke2 Rd8 31.Rc2 Bf8 32.fxe5 fxe5 33.e4 Rd4 34.exf5+ Kf6 35.Ne3 e4 36.Ng4+ Ke7
37.Ke3 Rd3+ 38.Kxe4 Rc3 39.Rd2 Bg7 40.Ne3 Kf7 41.Rd7+ Kf8 42.Nd5 Rc1 43.Nxb4 Rb6
44.Nd5 Rbc6 45.f6 Re1+ 46.Kf5 Bxf6 47.Rxh6  1-0

[Event "Vladimir Zak mem"]
[Site "St Petersburg RUS"]
[Date "2007.03.27"]
[Round "4"]
[White "Pleshkov,M"]
[Black "Karalkin,M"]
[Result "0-1"]
[WhiteElo "2078"]
[BlackElo "2287"]

1.d4 d5 2.c4 c6 3.Nf3 Nf6 4.g3 Bg4 5.Bg2 e6 6.O-O Nbd7 7.cxd5 exd5 8.Nc3 Be7
9.Bf4 O-O 10.Qc2 Bh5 11.e4 dxe4 12.Nxe4 Bg6 13.Nxf6+ Nxf6 14.Qd2 Re8 15.Nh4 Be4
16.f3 Bd5 17.Nf5 Bf8 18.Ne3 Be6 19.Bg5 h6 20.Bxf6 Qxf6 21.f4 Rad8 22.Rad1 Bc5
23.Nc2 Bf5 24.Kh1 Bxc2 25.Qxc2 Bxd4 26.b3 h5 27.Qc4 h4 28.g4 Bb6 29.g5 Qf5
30.Rxd8 Bxd8 31.Rd1 Bb6 32.h3 Re3 33.Kh2 Bc7 34.Rf1 Qxg5 35.Kh1 Qg3 36.b4 g5  0-1